书目信息 |
| 题名: |
教育研究方法导论
|
|
| 作者: | 维尔斯曼 ;袁振国 | |
| 分册: | ||
| 出版信息: | 北京 教育科学出版社 1997 |
|
| 页数: | 569 | |
| 开本: | 20cm | |
| 丛书名: | ||
| 单 册: | ||
| 中图分类: | G40-032 | |
| 科图分类: | ||
| 主题词: | 教育学 | |
| 电子资源: | ||
| ISBN: | 7-5041-1703-X | |
| 000 | 00584nam0 2200193 450 | |
| 001 | 0741144344 | |
| 005 | 20070817112544.34 | |
| 010 | @a7-5041-1703-X@d¥32.00 | |
| 100 | @a20070817d km y0chiy0120 ea | |
| 101 | 0 | @achi |
| 200 | 1 | @a教育研究方法导论@Ajiao yu yan jiu fang fa dao lun@f(美)维尔斯曼@F(mei)wei er si man@g袁振国@Gyuan zhen guo |
| 210 | @a北京@c教育科学出版社@d1997 | |
| 215 | @a569@d20cm | |
| 606 | 0 | @a教育学 |
| 690 | @aG40-032@v3 | |
| 701 | 0 | @a维尔斯曼@Awei er si man |
| 702 | 0 | @a袁振国@Ayuan zhen guo |
| 801 | 0 | @aCN@bPFT@c20070817 |
| 905 | @a213230@dG40-032@en1@f1 | |
| 教育研究方法导论/(美)维尔斯曼/袁振国.-北京:教育科学出版社,1997 |
| 569;20cm |
| ISBN 7-5041-1703-X:¥32.00 |
| ● |
| 相关链接 |
|
|
|
|
正题名:教育研究方法导论
索取号:G40-032/n1
 
预约/预借
| 序号 | 登录号 | 条形码 | 馆藏地/架位号 | 状态 | 备注 |
| 1 | 6600485 | 266004851 | 密集书库-生命科学系/ [索取号:G40-032/n1] | 在馆 | |
| 2 | 6600486 | 266004860 | 密集书库-生命科学系/ [索取号:G40-032/n1] | 在馆 | |
| 3 | 6600487 | 266004879 | 密集书库-生命科学系/ [索取号:G40-032/n1] | 在馆 |